<?xml version="1.0" encoding="UTF-8"?>
<record
    xmlns:xsi="http://www.w3.org/2001/XMLSchema-instance"
    xsi:schemaLocation="http://www.loc.gov/MARC21/slim http://www.loc.gov/standards/marcxml/schema/MARC21slim.xsd"
    xmlns="http://www.loc.gov/MARC21/slim">

  <leader>00643nam a2200217   4500</leader>
  <controlfield tag="003">DO-SdBNP</controlfield>
  <controlfield tag="005">20230315111758.0</controlfield>
  <controlfield tag="007">ta</controlfield>
  <controlfield tag="008">210407b2008    dr a|||| |||| 00| 0 spa d</controlfield>
  <datafield tag="040" ind1=" " ind2=" ">
    <subfield code="a">DO-SdBNP</subfield>
    <subfield code="b">spa</subfield>
    <subfield code="c">BNPHU</subfield>
  </datafield>
  <datafield tag="041" ind1=" " ind2=" ">
    <subfield code="h">spa</subfield>
  </datafield>
  <datafield tag="082" ind1=" " ind2="4">
    <subfield code="b">22</subfield>
  </datafield>
  <datafield tag="245" ind1=" " ind2=" ">
    <subfield code="a">Tres a&#xF1;os de logros en Corea :</subfield>
    <subfield code="b">tanto en tan poco tiempo /</subfield>
    <subfield code="c">correcci&#xF3;n V&#xED;ctor Cuesta</subfield>
  </datafield>
  <datafield tag="260" ind1=" " ind2=" ">
    <subfield code="a">Se&#xFA;l, Rep&#xFA;blica de Corea :</subfield>
    <subfield code="b">Centenario,</subfield>
    <subfield code="c">2008.</subfield>
  </datafield>
  <datafield tag="300" ind1=" " ind2=" ">
    <subfield code="a">47 p. :</subfield>
    <subfield code="b">ilustraciones ;</subfield>
    <subfield code="c">28 cm.</subfield>
  </datafield>
  <datafield tag="500" ind1=" " ind2=" ">
    <subfield code="a">Incluye &#xED;ndice </subfield>
  </datafield>
  <datafield tag="590" ind1=" " ind2=" ">
    <subfield code="a">Inventariado, 2023/BT</subfield>
  </datafield>
  <datafield tag="700" ind1="1" ind2=" ">
    <subfield code="a">Cuesta, V&#xED;ctor,</subfield>
    <subfield code="e">correcci&#xF3;n</subfield>
    <subfield code="9">83183</subfield>
  </datafield>
  <datafield tag="910" ind1=" " ind2=" ">
    <subfield code="a">Btav&#xE1;rez</subfield>
  </datafield>
  <datafield tag="942" ind1=" " ind2=" ">
    <subfield code="2">ddc</subfield>
    <subfield code="c">LBS1</subfield>
  </datafield>
  <datafield tag="952" ind1=" " ind2=" ">
    <subfield code="0">0</subfield>
    <subfield code="1">0</subfield>
    <subfield code="2">ddc</subfield>
    <subfield code="5">1</subfield>
    <subfield code="7">0</subfield>
    <subfield code="8">PD</subfield>
    <subfield code="a">BNPHU</subfield>
    <subfield code="b">BNPHU</subfield>
    <subfield code="c">CT</subfield>
    <subfield code="d">2021-04-07</subfield>
    <subfield code="e">Donaci&#xF3;n</subfield>
    <subfield code="i">2021-04-07</subfield>
    <subfield code="o">22</subfield>
    <subfield code="p">2021-1319</subfield>
    <subfield code="r">2021-04-07</subfield>
    <subfield code="w">2021-04-07</subfield>
    <subfield code="y">LF2</subfield>
  </datafield>
  <datafield tag="952" ind1=" " ind2=" ">
    <subfield code="0">0</subfield>
    <subfield code="1">0</subfield>
    <subfield code="2">ddc</subfield>
    <subfield code="5">1</subfield>
    <subfield code="7">0</subfield>
    <subfield code="8">PD</subfield>
    <subfield code="a">BNPHU</subfield>
    <subfield code="b">BNPHU</subfield>
    <subfield code="c">CT</subfield>
    <subfield code="d">2021-04-07</subfield>
    <subfield code="e">Donaci&#xF3;n</subfield>
    <subfield code="i">2021-04-07</subfield>
    <subfield code="o">22</subfield>
    <subfield code="p">2021-1320</subfield>
    <subfield code="r">2021-04-07</subfield>
    <subfield code="t">e.2</subfield>
    <subfield code="w">2021-04-07</subfield>
    <subfield code="y">LF2</subfield>
  </datafield>
  <datafield tag="952" ind1=" " ind2=" ">
    <subfield code="0">0</subfield>
    <subfield code="1">0</subfield>
    <subfield code="2">ddc</subfield>
    <subfield code="5">6</subfield>
    <subfield code="7">0</subfield>
    <subfield code="8">DS</subfield>
    <subfield code="a">BNPHU</subfield>
    <subfield code="b">BNPHU</subfield>
    <subfield code="c">CT</subfield>
    <subfield code="d">2021-04-07</subfield>
    <subfield code="e">Donaci&#xF3;n</subfield>
    <subfield code="i">2021-04-07</subfield>
    <subfield code="o">22</subfield>
    <subfield code="p">2021-1321</subfield>
    <subfield code="r">2021-04-07</subfield>
    <subfield code="t">e.3</subfield>
    <subfield code="w">2021-04-07</subfield>
    <subfield code="y">LF2</subfield>
  </datafield>
  <datafield tag="952" ind1=" " ind2=" ">
    <subfield code="0">0</subfield>
    <subfield code="1">0</subfield>
    <subfield code="2">ddc</subfield>
    <subfield code="5">6</subfield>
    <subfield code="7">0</subfield>
    <subfield code="8">DS</subfield>
    <subfield code="a">BNPHU</subfield>
    <subfield code="b">BNPHU</subfield>
    <subfield code="c">MI</subfield>
    <subfield code="d">2021-04-07</subfield>
    <subfield code="e">Donaci&#xF3;n</subfield>
    <subfield code="i">2021-04-07</subfield>
    <subfield code="p">2021-1322</subfield>
    <subfield code="r">2021-04-07</subfield>
    <subfield code="t">e.4</subfield>
    <subfield code="w">2021-04-07</subfield>
    <subfield code="y">LF2</subfield>
  </datafield>
  <datafield tag="952" ind1=" " ind2=" ">
    <subfield code="0">0</subfield>
    <subfield code="1">0</subfield>
    <subfield code="2">ddc</subfield>
    <subfield code="5">6</subfield>
    <subfield code="7">0</subfield>
    <subfield code="8">DS</subfield>
    <subfield code="a">BNPHU</subfield>
    <subfield code="b">BNPHU</subfield>
    <subfield code="c">MI</subfield>
    <subfield code="d">2021-04-07</subfield>
    <subfield code="e">Donaci&#xF3;n</subfield>
    <subfield code="i">2021-04-07</subfield>
    <subfield code="p">2021-1323</subfield>
    <subfield code="r">2021-04-07</subfield>
    <subfield code="t">e.5</subfield>
    <subfield code="w">2021-04-07</subfield>
    <subfield code="y">LF2</subfield>
  </datafield>
  <datafield tag="999" ind1=" " ind2=" ">
    <subfield code="c">49711</subfield>
    <subfield code="d">49711</subfield>
  </datafield>
</record>
